Les 10 youtubeurs les moins aimés des français - Statistiques

Statistiques générales
  • Ce quiz a été pris 539 fois
  • Le résultat moyen est 3 sur 10
Statistiques - réponses
Hint Réponse % Correct
1 Norman
73%
2 Tibo Inshape
65%
10 Michou
50%
4 Lama Faché
23%
3 Swan et Néo
16%
5 TK78
16%
9 IbraTV
9%
8 Hugo Posay
4%
6 GameMix Treize
2%
7 LaSalle
2%
Aucun quiz correspondant
Distribution des résultats
% des personnes avec chaque résultat
Percentile par nombre de réponses
Votre historique - résultats
Vous n’avez pas pris ce quiz